00819nam a2200205 a 4500001001000000003000500010005001700015008004100032010001100073011001100084040000900095100003400104245015000138260004200288500006000330502009300390650003600483650002400519856007000543000108742CHAP20220329144023.0140307s2012 mx a sm |||||||spa d a105204 a106176 cCHAP1 aSánchez Sánchez, Marisela10aEstudio florístico ecológico y manejo químico de la maleza en cafeto en Huatusco, Veracruzh[En línea]cpor Marisela Sánchez Sánchez. aChapingo, Méx. :bEl autor.,c2012. aPara ver el contenido del material haga clic en la liga aTesis (M.C. en Protección Vegetal) -- UACH. Departamento de Parasitología Agrícola14aCaféxMalas hierbasxControl.14aCaféxVariedades. aFinding aiduhttp://10.13.5.2/tesis/sist108742.pdfzTeclea aquí